00643cam a2200169 i 4500020001700000082002600017100002000043245006200063260013000125300002500255650002600280650003200306650001300338942000700351999001500358952010000373 a085404020X :00a540/.8 sa541.392 WYA1 aWyatt, P. A. H.14aThe molecular basis of entropy and chemical equilibrium / aLondon :bRoyal Institute of Chemistry ;aLetchworth :bdistributed by the Chemical Society Publications Sales Office,c1971. avii, 65 p. :bill. ; 0aChemical equilibrium. 0aStatistical thermodynamics. 0aEntropy. cBK c2617d2617 0010708NFICaICbICcGENd2015-12-06g295.00l0o541.392 WYAp000173r2022-11-17 00:00:00yBK